Normal view
MARC view
- Kumar,H D
Entry Personal Name
001 - CONTROL NUMBER
- control field: 2445
003 - CONTROL NUMBER IDENTIFIER
- control field: NUST
005 - DATE AND TIME OF LATEST TRANSACTION
- control field: 20170612120218.0
008 - FIXED-LENGTH DATA ELEMENTS
- fixed length control field: 170612|| aca||aabn | a|a d
040 ## - CATALOGING SOURCE
- Original cataloging agency: NUST
- Transcribing agency: NUST
100 ## - HEADING--PERSONAL NAME
- Personal name: Kumar,H D
670 ## - SOURCE DATA FOUND
- Source citation: Work cat.: (NUST)0: Kumar,H D, Molecular biology and biotechnology /, 1994.
